000 00712nam a2200289Ia 4500
005 20260324143743.0
008 008 260324s9999 xx 000 0 eng d
020 _a9780429033834
037 _aEBOOK
040 _aCRL
040 _beng
040 _cCRL
041 _2eng
041 _aeng
084 _qCRL
100 _aJay MacLeod; Tyler Bay
_91216793
245 0 _aMinds Stayed On Freedom
245 4 _bThe Civil Rights Struggle In The Rural South--an Oral History
260 _bTaylor and Francis
260 _c1991
365 _a
365 _b230
856 _uhttp://www.taylorfrancis.com/books/9780429033834
942 _cEBOOK
999 _c1822579
_d1822579